[Event "GER CupT sf"]
[Site "Walldorf"]
[Date "1998.??.??"]
[Round "?.2"]
[White "Huebner, Robert"]
[Black "Poldauf, Dirk"]
[Result "1-0"]
[WhiteElo "2560"]
[BlackElo "2445"]

1.d4 Nf6 2.Nf3 g6 3.g3 Bg7 4.Bg2 O-O 5.O-O d6 6.c4 Nbd7 7.Nc3 e5 8.e4 exd4
9.Nxd4 Re8 10.Re1 a5 11.Ndb5 Nc5 12.Bf4 Ng4 13.Nd5 Na6 14.c5 g5 15.Bc1 Bd7
16.cxd6 Nxf2 17.Kxf2 Bxb5 18.Ne7+ Rxe7 19.dxe7 Qxe7 20.Qd5 Nc5 21.Bxg5 Nd3+
22.Qxd3 Qxg5 23.Qe3 Qf6+ 24.Kg1 Qxb2 25.e5 Re8 26.Rab1 Rxe5 27.Qxe5 Bxe5
28.Rxb2 Bxb2 29.Bxb7 Bc4 30.Kg2 c5 31.a4 Be6 32.Kf3 Kg7 33.Be4 h6 34.Rb1 Bc3
35.Rb6 Bb4 36.Ke3 Bb3 37.Rb7 Bxa4 38.Bd5 Be8 39.Re7 Kf8 40.Ra7 Kg7 41.Ke4 a4
42.Ke5 a3 43.Bc4 Kg6 44.Kd6 f6 45.Ke6 h5 46.Bd3+ Kh6 47.Kxf6 Bc3+ 48.Ke7 Bc6
49.Ra6 Kg7 50.Rxc6 a2 51.Rg6+ Kh8 52.Kf7  1-0

[Event "Mitropa Cup"]
[Site "Baden"]
[Date "1999.04.07"]
[Round "6"]
[White "Kozul, Zdenko"]
[Black "Huebner, Robert"]
[Result "1/2-1/2"]
[WhiteElo "2585"]
[BlackElo "2585"]

1.d4 Nf6 2.c4 c6 3.Nc3 d5 4.e3 g6 5.Nf3 Bg7 6.cxd5 cxd5 7.Bb5+ Bd7 8.Qb3 Bxb5
9.Qxb5+ Qd7 10.Ne5 Qxb5 11.Nxb5 Na6 12.b3 Ne4 13.Ba3 Bxe5 14.dxe5 Kd7 15.f3 Nec5
16.Rd1 Kc6 17.Nc3 Nc7 18.Ke2 b6 19.b4 N5e6 20.b5+ Nxb5 21.Nxb5 Kxb5 22.Rxd5+ Kc6
23.Rhd1 Rhe8 24.f4 a5 25.Rd7 Nc5 26.Bxc5 bxc5 27.a4 Rab8 28.g4 Rb2+ 29.Kf3 Rb7
30.R7d5 Rb4 31.e6 fxe6 32.Re5 Rxa4 33.Rxe6+ Kb5 34.Rd7 Ra1 35.Rb7+ Kc4 36.Rc7 Kb5
37.Rb7+ Kc4 38.Re5 Rc8 39.f5 gxf5 40.gxf5 a4 41.Rexe7 a3 42.Ra7 Kd3 43.Red7+ Kc2
44.Ke2 c4 45.f6 Rc6 46.f7 Rf6 47.Rd4 Raf1 48.Rxc4+ Kb3 49.Rca4 a2 50.Ra3+ Kc4
51.R7a4+ Kd5 52.Rxa2 R6f2+ 53.Kd3 Rd1+ 54.Kc3 Rc1+ 55.Kd3  1/2-1/2

[Event "Mitropa Cup"]
[Site "Baden"]
[Date "1999.04.08"]
[Round "7"]
[White "Huebner, Robert"]
[Black "Oral, Tomas"]
[Result "1/2-1/2"]
[WhiteElo "2585"]
[BlackElo "2521"]

1.c4 c5 2.Nf3 Nc6 3.d4 cxd4 4.Nxd4 Nf6 5.g3 e6 6.Bg2 Bb4+ 7.Bd2 Be7 8.Bc3 O-O
9.O-O d5 10.Nd2 Bd7 11.N4b3 a5 12.e3 a4 13.Nd4 Na5 14.b3 dxc4 15.bxc4 Rc8
16.Qe2 Nxc4 17.Nxc4 Qc7 18.Ne5 Qxc3 19.Nxd7 Nxd7 20.Bxb7 Rc7 21.Rab1 Bf6
22.Rfd1 Bxd4 23.Rxd4 Rb8 24.Be4 Rxb1+ 25.Bxb1 g6 26.Be4 a3 27.Kg2 Kg7 28.Qb5 Nf6
29.Bf3 Qa1 30.Qb3 Rc3 31.Rd1 Rxb3 32.Rxa1 Rb2 33.h3 Nd7 34.g4 Nc5 35.Kf1 e5
36.g5 e4 37.Be2 h6 38.gxh6+ Kxh6 39.Rc1 Nd3 40.Rd1 Nb4 41.Bc4 f5 42.Rd6 Nxa2
43.Ra6 Rb1+ 44.Kg2 Nb4 45.Rxa3 Nc2 46.Rb3 Ne1+ 47.Kg3 Rc1 48.Be2 Rc2 49.Bf1 Nf3
50.Bg2 Ne5 51.f3 exf3  1/2-1/2

[Event "Mitropa Cup"]
[Site "Baden"]
[Date "1999.04.10"]
[Round "9"]
[White "Huebner, Robert"]
[Black "Gallagher, Joseph G"]
[Result "1/2-1/2"]
[WhiteElo "2585"]
[BlackElo "2519"]

1.d4 Nf6 2.c4 g6 3.g3 Bg7 4.Bg2 O-O 5.Nc3 d6 6.Nf3 Nbd7 7.O-O e5 8.e4 a6
9.d5 Ne8 10.Bd2 c5 11.a4 a5 12.h4 Ndf6 13.Ne1 Nh5 14.Qe2 Nef6 15.Nc2 Ng4
16.Ne3 Bh6 17.Nxg4 Bxd2 18.Qxd2 Bxg4 19.Nb5 Qe7 20.Ra3 Bd7 21.Rb3 b6 22.Qh6 Bxb5
23.Rxb5 Rab8 24.Bh3 Ng7 25.Re1 f5 26.Qg5 Qxg5 27.hxg5 fxe4 28.Rxe4 Rf3 29.Re3 Rxe3
30.fxe3 Ne8 31.Rb3 Nc7 32.Rc3 Rf8 33.Rb3 Rb8 34.Rc3 Kg7 35.Rc2 Rf8 36.Rf2 Rxf2
37.Kxf2 h6 38.gxh6+ Kxh6 39.e4 Ne8 40.Kf3 Nf6 41.Be6 Kg5  1/2-1/2

[Event "Berlin blindfold sim"]
[Site "Berlin"]
[Date "1999.09.25"]
[Round "1"]
[White "Huebner, Robert"]
[Black "Bachmann, Andreas"]
[Result "1-0"]
[WhiteElo "2599"]
[BlackElo "2300"]

1.e4 c6 2.c4 e5 3.Nf3 d6 4.d4 Qc7 5.Nc3 Bg4 6.Be2 Nf6 7.Be3 Nbd7 8.h3 Bxf3
9.Bxf3 Be7 10.O-O O-O 11.g3 a6 12.Rc1 Qa5 13.a3 b5 14.Nb1 Rac8 15.Bg2 Rfe8
16.b4 Qd8 17.Nd2 c5 18.d5 Nb6 19.cxb5 axb5 20.bxc5 dxc5 21.Qb3 b4 22.axb4 cxb4
23.Rxc8 Nxc8 24.Nc4 Nd6 25.Nxe5 Ndxe4 26.Nxf7 Qxd5 27.Qxd5 Nxd5 28.Bxe4 Nc3
29.Bc6 Rb8 30.Ne5 b3 31.Bd2 b2 32.Bxc3 b1=Q 33.Rxb1 Rxb1+ 34.Kg2 Bf6 35.Bd5+ Kh8
36.Nf7+ Kg8 37.Ng5+ Kh8 38.Bxf6 gxf6 39.Ne6 Rb5 40.Nf4 Kg7 41.g4 Rb6 42.Be4 Ra6
43.Kg3 h6 44.f3 Ra1 45.Ng2 Rg1 46.Kh2 Ra1 47.Ne3  1-0

[Event "Berlin blindfold sim"]
[Site "Berlin"]
[Date "1999.09.25"]
[Round "1"]
[White "Huebner, Robert"]
[Black "Albrecht, Rainer"]
[Result "1/2-1/2"]
[WhiteElo "2599"]
[BlackElo "2229"]

1.c4 Nf6 2.Nc3 d5 3.cxd5 Nxd5 4.g3 g6 5.Bg2 Nb6 6.d3 Bg7 7.Be3 O-O 8.Qd2 Re8
9.Bh6 Bh8 10.h4 N8d7 11.h5 Nf6 12.hxg6 hxg6 13.Nf3 c6 14.Qg5 Nbd5 15.Qh4 Nxc3
16.Bd2 Bg7 17.Bxc3 Qd5 18.Kf1 Qh5 19.Qf4 Qf5 20.Ng5 Qxf4 21.gxf4 Nh5 22.e3 Bxc3
23.bxc3 e5 24.fxe5 Rxe5 25.Ne4 Bf5 26.Ke2 Bxe4 27.dxe4 Rd8 28.a4 Nf6 29.f4 Rc5
30.Rhc1 Rc4 31.e5 Nd5 32.Bxd5 Rxd5 33.a5 b6 34.axb6 axb6 35.Rab1 b5 36.Rb4 Rdc5
37.Rxc4 Rxc4 38.Kd3 Kf8 39.Ra1 Ke7 40.Ra8 Kd7 41.Rf8  1/2-1/2

[Event "Berlin blindfold sim"]
[Site "Berlin"]
[Date "1999.09.25"]
[Round "1"]
[White "Huebner, Robert"]
[Black "Schilow, Wladimir"]
[Result "1-0"]
[WhiteElo "2599"]
[BlackElo "2369"]

1.e4 e6 2.d4 d5 3.Nc3 a6 4.Nf3 Nf6 5.exd5 exd5 6.Bd3 Be7 7.O-O Bg4 8.h3 Bh5
9.Re1 Nc6 10.g4 Bg6 11.Ne5 Nxe5 12.Rxe5 O-O 13.Bg5 c6 14.Qf3 Bd6 15.Re3 h6
16.Bxf6 Qxf6 17.Qxf6 gxf6 18.Rae1 h5 19.Bxg6 fxg6 20.gxh5 gxh5 21.Na4 Kf7
22.Nc5 Bxc5 23.dxc5 Kg6 24.Kg2 Rf7 25.Kg3 d4 26.Re7 Rd8 27.Kf4 Rd5 28.Rg1+ Rg5
29.Rxf7 Rxg1 30.Rxb7 Rc1 31.Ke4 Rxc2 32.Kxd4 Rxf2 33.Rb6 Rf4+ 34.Ke3 Rh4
35.Rxa6 Rxh3+ 36.Kf4 Rh2 37.b3 Rg2 38.Kf3 Rc2 39.Rxc6 Kf5 40.b4 Rb2 41.Rb6 h4
42.c6 h3 43.c7 Rc2 44.Rb5+ Ke6 45.Rc5 Rxc5 46.bxc5 Kd7 47.a4  1-0

[Event "Berlin blindfold sim"]
[Site "Berlin"]
[Date "1999.09.25"]
[Round "1"]
[White "Huebner, Robert"]
[Black "Schian, Thomas"]
[Result "1-0"]
[WhiteElo "2599"]
[BlackElo "2330"]

1.d4 g6 2.e4 Bg7 3.Nf3 d6 4.Bc4 c6 5.Bb3 Nf6 6.Qe2 O-O 7.O-O a5 8.h3 Nxe4
9.Qxe4 d5 10.Qh4 a4 11.Bxa4 Rxa4 12.Bh6 Nd7 13.Nc3 Ra7 14.a4 Nf6 15.Bxg7 Kxg7
16.Qf4 Bf5 17.Qd2 Ne4 18.Nxe4 dxe4 19.Ne5 Be6 20.b3 f6 21.Ng4 Bxg4 22.hxg4 Qd7
23.Qf4 Qxd4 24.Rad1 Qe5 25.Qxe5 fxe5 26.Rd7 Kf6 27.Rfd1 Rf7 28.Rc7 Kg5 29.Rdd7 Kxg4
30.Rxe7 Rxe7 31.Rxe7 Ra5 32.Rxb7 Rd5 33.Rb4 Rd1+ 34.Kh2 Kf5 35.a5 Rd7 36.Rc4 Ra7
37.b4 Ra6 38.Rc3 Ke6 39.Kg1 Kd5 40.Kf1 Ra8 41.Ke2 h5 42.Ke3 Rf8 43.Rc5+ Kd6
44.a6 Rf7 45.Ra5  1-0

[Event "Berlin blindfold sim"]
[Site "Berlin"]
[Date "1999.09.25"]
[Round "1"]
[White "Huebner, Robert"]
[Black "Glienke, Manfred"]
[Result "1-0"]
[WhiteElo "2599"]
[BlackElo "2389"]

1.d4 Nf6 2.Nf3 b5 3.Bg5 Ne4 4.Bh4 Bb7 5.Nbd2 d6 6.e3 Nxd2 7.Qxd2 c6 8.a4 Qb6
9.Be2 h6 10.O-O a6 11.e4 Nd7 12.c3 e6 13.Rfe1 g5 14.Bg3 Be7 15.h3 Rc8 16.e5 d5
17.b4 Qd8 18.Nh2 Nf8 19.Bh5 Rh7 20.Ng4 Rc7 21.Rf1 Qd7 22.f4 Bd8 23.Nf6+ Bxf6
24.exf6 Rc8 25.fxg5 hxg5 26.Qxg5 bxa4 27.Bd1 a5 28.bxa5 Ba6 29.Rf2 Bb5 30.Bxa4 Bxa4
31.Rxa4 c5 32.Rfa2 cxd4 33.cxd4 Qb5 34.a6 Qb1+ 35.Kh2 Rxh3+ 36.Kxh3 Qh1+
37.Bh2 Rc3+ 38.Qg3 Rxg3+ 39.Kxg3 Qe1+ 40.Kf3 Qf1+ 41.Ke3 Qe1+ 42.Kd3 Qe4+
43.Kd2 Qxg2+ 44.Kc3 Qf3+ 45.Kb4 Qd3 46.a7 Qxd4+ 47.Kb5 Qd3+ 48.Kc6  1-0

[Event "Berlin blindfold sim"]
[Site "Berlin"]
[Date "1999.09.25"]
[Round "1"]
[White "Huebner, Robert"]
[Black "Federau, Juergen"]
[Result "1-0"]
[WhiteElo "2599"]
[BlackElo "2242"]

1.e4 a6 2.d4 b5 3.a4 Bb7 4.Bd3 e6 5.Nf3 c5 6.dxc5 Bxc5 7.O-O Ne7 8.Nbd2 bxa4
9.Rxa4 Nbc6 10.Nb3 Bb6 11.Qe2 a5 12.Be3 Ng6 13.Nc5 Qc7 14.Bb5 Bc8 15.Rc4 Rb8
16.Nd4 Nge7 17.Ba4 O-O 18.Nb5 Qd8 19.Rd1 d5 20.exd5 exd5 21.Rc3 Nb4 22.Bg5 Bxc5
23.Rxc5 f6 24.Bf4 Ra8 25.Nd4 Na6 26.Rc3 Bd7 27.Ne6 Bxe6 28.Qxe6+ Rf7 29.Bd6 Nc8
30.Rxd5 Nb6 31.Bb3 Nxd5 32.Bxd5 Qe8 33.g3 Qxe6 34.Bxe6 Re8 35.Ba2 g5 36.Rc6 Ra8
37.Bc4 Kg7 38.Bxa6 Rd7 39.Bd3 Raa7 40.Kg2 Rab7 41.b3  1-0

[Event "GRE-GER m"]
[Site "Corfu"]
[Date "1999.10.12"]
[Round "1"]
[White "Huebner, Robert"]
[Black "Nikolaidis, Ioannis"]
[Result "1-0"]
[WhiteElo "2599"]
[BlackElo "2505"]

1.d4 g6 2.c4 Bg7 3.Nc3 d6 4.e4 f5 5.exf5 Bxf5 6.Nge2 Nh6 7.h3 O-O 8.Be3 Nc6
9.g4 Bd7 10.Qd2 Nf7 11.O-O-O a6 12.f4 Na5 13.Ng3 b5 14.f5 Nxc4 15.Bxc4 bxc4
16.Qc2 gxf5 17.Nxf5 Bxf5 18.gxf5 Nh6 19.Rdf1 Qd7 20.Rhg1 Nxf5 21.Qg2 e6 22.Rxf5 exf5
23.Bh6 f4 24.Bxg7 f3 25.Qg3  1-0

[Event "GRE-GER m"]
[Site "Corfu"]
[Date "1999.10.15"]
[Round "4"]
[White "Grivas, Efstratios"]
[Black "Huebner, Robert"]
[Result "1/2-1/2"]
[WhiteElo "2514"]
[BlackElo "2599"]

1.Nf3 Nf6 2.c4 e6 3.g3 d5 4.Bg2 dxc4 5.Qa4+ Nbd7 6.Qxc4 c5 7.O-O a6 8.Qc2 b6
9.b3 Bb7 10.Bb2 Be7 11.d3 O-O 12.Nbd2 Rc8 13.Rac1 Qc7 14.Qb1 Qb8 15.Rc2 Rfd8
16.Rfc1 h6 17.Qa1 Bf8 18.a3 Ne8 19.Bh3 Nd6 20.Ne5 Nxe5 21.Bxe5 Qa7 22.b4 cxb4
23.axb4 Rxc2 24.Rxc2 Rc8 25.Rxc8 Nxc8 26.Nc4 Bc6 27.Bd4 Bb5 28.Bg2 Qc7 29.Be5 Qd7
30.Bd4 f6 31.Bc3 Qc7 32.Qa2 Kh8 33.Bd2 Nd6 34.Nxd6 Qxd6 35.Qc2 Qd7 36.h4 Kg8
37.Qc3 Kf7 38.Bf3 Be7 39.Be3 Bd8 40.Bh5+ Ke7 41.Bf3 Qc7 42.Qd4 Bc6 43.Qg4 Kf7
44.h5 Bxf3 45.Qxf3 a5 46.bxa5 bxa5 47.Qa8 Qd7 48.Bc5 a4 49.d4 Be7 50.e4 f5
51.exf5 exf5 52.Qa6 f4 53.Qg6+ Kg8 54.Qc2 fxg3 55.fxg3 Bxc5 56.dxc5 Qc6 57.Kh2 Kf7
58.Qc3 g5 59.hxg6+ Kxg6 60.Qb4 Kf7 61.Qb6 Qxb6 62.cxb6 a3 63.b7 a2 64.b8=Q a1=Q
65.Qf4+ Qf6  1/2-1/2

[Event "Curacao Open"]
[Site "Willemstad AHO"]
[Date "2003.10.25"]
[Round "1"]
[White "Muhren,W"]
[Black "Huebner,R"]
[Result "1/2-1/2"]
[WhiteElo "2193"]
[BlackElo "2604"]

1.e4 c5 2.Nf3 Nc6 3.d4 cxd4 4.Nxd4 Nf6 5.Nc3 d6 6.f3 e5 7.Nb3 Be7 8.Be3 O-O
9.Qd2 Be6 10.O-O-O Na5 11.Nxa5 Qxa5 12.Kb1 Kh8 13.Nd5 Qxd2 14.Rxd2 Nxd5 15.exd5 Bd7
16.c4 b6 17.Bd3 h6 18.b3 Bg5 19.Bxg5 hxg5 20.g4 g6 21.h4 gxh4 22.Rxh4+ Kg7
23.Rdh2 Kf6 24.Kc1 a6 25.Kd2 b5 26.Rh7 bxc4 27.bxc4 a5 28.Ke3 Rab8 29.Bxg6 Bxg4
30.Bxf7 Bf5 31.R2h6+ Kg5 32.Rh5+ Kf6 33.R5h6+ Kg5  1/2-1/2

[Event "ch-FRA Top 16 Poule Haute"]
[Site "Port Barcares FRA"]
[Date "2005.05.05"]
[Round "9"]
[White "Riff,JN"]
[Black "Huebner,R"]
[Result "0-1"]
[WhiteElo "2438"]
[BlackElo "2624"]

1.e4 e6 2.d3 c5 3.Nf3 Nc6 4.g3 g6 5.Bg5 Qc7 6.Bg2 Bg7 7.c3 Nf6 8.Na3 a6 9.O-O O-O
10.Re1 d6 11.Qd2 b5 12.Nc2 Bb7 13.Rad1 Ne5 14.Qc1 Rac8 15.h3 Nfd7 16.Nxe5 dxe5
17.h4 h5 18.Bh6 Nf6 19.Bh3 Rcd8 20.f3 Rd7 21.Bxg7 Kxg7 22.Qe3 Rfd8 23.Re2 a5
24.Red2 b4 25.Bf1 Ba6 26.Qf2 Bb5 27.Kg2 Ba4 28.cxb4 cxb4 29.d4 Bxc2 30.Rxc2 Qb6
31.d5 Qxf2+ 32.Kxf2 exd5 33.exd5 Rxd5 34.Rxd5 Rxd5 35.Ke3 Rd1 36.Be2 Rg1
37.Rc5 Rxg3 38.Kf2 Rh3 39.Rxe5 Rxh4 40.Rxa5 Rh2+ 41.Kf1 h4  0-1

[Event "ch-FRA Top 16 Poule Haute"]
[Site "Port Barcares FRA"]
[Date "2005.05.06"]
[Round "10"]
[White "Schlosser,P"]
[Black "Huebner,R"]
[Result "1/2-1/2"]
[WhiteElo "2559"]
[BlackElo "2624"]

1.e4 e5 2.Bc4 Nf6 3.d3 Bc5 4.Nc3 c6 5.Nf3 d6 6.Bb3 Bb6 7.Ne2 Nbd7 8.c3 Nf8
9.Ng3 Ng6 10.h3 O-O 11.O-O Be6 12.d4 Bxb3 13.Qxb3 exd4 14.cxd4 d5 15.Bg5  1/2-1/2

[Event "GM-Duel"]
[Site "Lucerne SUI"]
[Date "2008.08.15"]
[Round "1"]
[White "Huebner,R"]
[Black "Pelletier,Y"]
[Result "1/2-1/2"]
[WhiteElo "2600"]
[BlackElo "2569"]

1.d4 Nf6 2.Nf3 g6 3.c4 Bg7 4.Nc3 d5 5.Bg5 Ne4 6.cxd5 Nxg5 7.Nxg5 e6 8.Nf3 exd5
9.e3 O-O 10.Be2 Qd6 11.O-O c6 12.Ne1 Bf5 13.Qb3 Nd7 14.Qxb7 Rfb8 15.Qa6 Rxb2
16.Bd3 Rb6 17.Qa5 Be6 18.Nc2 Bf8 19.Rfc1 Rbb8 20.Rab1 Rxb1 21.Rxb1 c5 22.g3 Bg7
23.Rb7 cxd4 24.exd4 Qc6 25.Rc7 Qb6 26.Qxb6 Nxb6 27.Nb5 a6 28.Nc3 Rc8 29.Rxc8+ Bxc8
30.Kf1 Kf8 31.Ke2 a5 32.Ke3 Ke7 33.Na1 Nc4+ 34.Bxc4 dxc4 35.Nc2 Be6 36.Ne4 Bd5
37.f3 f5 38.Nc3 Kd6 39.f4 Kc6 40.Kd2 Bf7 41.Nd1 Bf8 42.Kc3 Kb5 43.a3 Bd6
44.Nb2 a4 45.Nd1 Bf8 46.Kd2 Be7 47.Nc3+ Ka5 48.h4 h5 49.Kc1 Bf8 50.Kd2  1/2-1/2

[Event "TCh-SUI 2010"]
[Site "Switzerland SUI"]
[Date "2010.03.21"]
[Round "2.1"]
[White "Huebner,R"]
[Black "Cvitan,O"]
[Result "1/2-1/2"]
[WhiteElo "2603"]
[BlackElo "2554"]

1.d4 Nf6 2.Nf3 g6 3.Bg5 Bg7 4.Nbd2 O-O 5.e4 d6 6.c3 c5 7.dxc5 dxc5 8.Bc4 Nc6
9.Qe2 Qc7 10.O-O Na5 11.Bd3 Be6 12.Nc4 Nc6 13.Ne3 Rad8 14.Bc4 Bxc4 15.Qxc4 b5
16.Qxc5 Nxe4 17.Qxb5 Rb8 18.Qe2 Qb7 19.Nd1 Nxg5 20.Nxg5 Rfd8 21.Rc1 Ne5 22.Rc2 Qd5
23.c4 Qa5 24.Nc3 Nc6 25.Qf3 Qf5 26.Qxf5 gxf5 27.Nf3 Bxc3 28.bxc3 e6 29.h3 Na5  1/2-1/2

[Event "TCh-SUI 2010"]
[Site "Switzerland SUI"]
[Date "2010.08.28"]
[Round "6.2"]
[White "Renet,O"]
[Black "Huebner,R"]
[Result "1/2-1/2"]
[WhiteElo "2504"]
[BlackElo "2603"]

1.e4 e5 2.Nf3 Nc6 3.Bb5 a6 4.Ba4 d6 5.c3 Bd7 6.d4 Nf6 7.O-O g6 8.Re1 b5 9.Bb3 Bg7
10.h3 O-O 11.Bg5 h6 12.Bh4 Qc8 13.Nbd2 Re8 14.dxe5 dxe5 15.a3 Na5 16.Ba2 Nh5
17.b4  1/2-1/2

[Event "TCh-FIN 2010-11"]
[Site "Helsinki FIN"]
[Date "2010.10.17"]
[Round "2.1"]
[White "Agopov,M"]
[Black "Huebner,R"]
[Result "1/2-1/2"]
[WhiteElo "2419"]
[BlackElo "2598"]

1.e4 e5 2.Nf3 Nc6 3.Bb5 a6 4.Ba4 d6 5.O-O Bd7 6.c3 g6 7.d4 Bg7 8.Bb3 Nf6
9.Ng5 O-O 10.f4 Qe7 11.fxe5 dxe5 12.d5 Na5 13.Bc2 c5 14.Qe1 Nh5 15.a4 c4
16.Qf2 f5 17.Qb6 fxe4 18.Rxf8+ Rxf8 19.Na3 Nf4 20.Bxf4 exf4 21.Nxe4 Qd8 22.Qxd8 Rxd8
23.Nd6 Bg4 24.Ndxc4 Nxc4 25.Nxc4 Rxd5 26.Bb3 Be6 27.Re1 Bf7 28.Nb6 Rd2 29.Bxf7+ Kxf7
30.Nc4 Rd5 31.Rf1 g5 32.g3 b5 33.axb5 axb5 34.Na3 Be5 35.c4 bxc4 36.Nxc4 Bb8
37.gxf4 Bxf4 38.Ne3 Rd2 39.Ng2 Rxb2 40.Nxf4 gxf4 41.Rxf4+  1/2-1/2

[Event "TCh-FIN 2010-11"]
[Site "Porvoo FIN"]
[Date "2011.02.13"]
[Round "7.1"]
[White "Huebner,R"]
[Black "Kulaots,K"]
[Result "1/2-1/2"]
[WhiteElo "2598"]
[BlackElo "2592"]

1.c4 Nf6 2.Nc3 d5 3.cxd5 Nxd5 4.Nf3 g6 5.g3 Bg7 6.Bg2 O-O 7.O-O Nb6 8.d3 Nc6
9.Be3 e5 10.Qd2 Re8 11.Bh6 Bh8 12.Rac1 Nd4 13.Nxd4 exd4 14.Ne4 Nd5 15.Ng5 c6
16.Rfe1 a5 17.Rc5 Ne7 18.Ne4 f6 19.h4 Nf5 20.Bf4 Bg7 21.a3 Be6 22.b4 axb4
23.axb4 Bd5 24.b5 Kh8 25.bxc6 bxc6 26.Rb1 Bf8 27.Rc2 Be7 28.Rcb2 Qa5 29.Qxa5 Rxa5
30.Bh3 Ra7 31.Bxf5 gxf5 32.Nd6 Bxd6 33.Bxd6 Ra2 34.Rxa2 Bxa2 35.Rb2 Ra8 36.f3 Bd5
37.Rb4 h5 38.Rxd4 Kg7 39.Rb4 Ra7 40.Rb6 Ra2 41.e4 fxe4 42.fxe4 Be6 43.Rxc6 Bh3
44.e5 fxe5 45.Bxe5+ Kf7 46.d4 Rg2+ 47.Kh1 Rd2 48.Rh6 Bg4 49.Kg1 Ke7 50.Kf1 Kd7
51.Rg6 Bf3 52.Rf6 Bg4 53.Rb6 Bf3 54.Rb4 Bg4 55.Bf4 Rd3 56.Kf2 Rf3+ 57.Ke1 Rd3
58.Be5 Ke6 59.Kf2 Rf3+ 60.Kg2 Rd3 61.Rb2 Kd5 62.Rf2  1/2-1/2

[Event "TCh-SUI 2011"]
[Site "Switzerland SUI"]
[Date "2011.02.27"]
[Round "1.3"]
[White "Gallagher,Jo"]
[Black "Huebner,R"]
[Result "1/2-1/2"]
[WhiteElo "2501"]
[BlackElo "2600"]

1.e4 e6 2.d4 d5 3.Nd2 c5 4.exd5 Qxd5 5.Ngf3 cxd4 6.Bc4 Qd8 7.Nb3 Nc6 8.Nbxd4 Nxd4
9.Qxd4 Qxd4 10.Nxd4 Bd7 11.c3 Nf6 12.Bf4 Rc8 13.Be2 Bc5 14.Rd1 Ba4 15.Bb5+  1/2-1/2

[Event "TCh-FIN SM-Liiga 2011-12"]
[Site "Tampere FIN"]
[Date "2011.10.16"]
[Round "4.1"]
[White "Huebner,R"]
[Black "Karttunen,M"]
[Result "1/2-1/2"]
[WhiteElo "2592"]
[BlackElo "2423"]

1.e4 d5 2.exd5 Nf6 3.Bb5+ Bd7 4.Be2 Nxd5 5.d4 c5 6.c4 Nc7 7.d5 e6 8.Nc3 exd5
9.cxd5 Bd6 10.Nf3 O-O 11.O-O h6 12.Nd2 Re8 13.Nc4 Bf8 14.a4 b5 15.axb5 Nxb5
16.Be3 Qf6 17.Re1 Nd4 18.Bd3 a6 19.Ne4 Qh4 20.f3 f5 21.Bf2 Qd8 22.Ng3 Ra7
23.b4 Rxe1+ 24.Qxe1 Bb5 25.d6 Bxd6 26.Nxd6 Re7 27.Qd1 Qxd6 28.Bxb5 Nxb5 29.Bxc5 Qxd1+
30.Rxd1 Rd7 31.Re1 Kf7 32.Nxf5 Nc6 33.g4 h5 34.Ra1 Ne5 35.gxh5 Rd2 36.Rf1 Nc3
37.Ng3 Nd3 38.Bd4 Nb5 39.Ne4 Re2 40.Ng5+ Kg8 41.Rd1 Nxb4 42.Kf1 Re8 43.Bb2 Nc6
44.Rd7 Re7 45.Rd5 Re8 46.h4 Rd8 47.Rc5 Rd6 48.Kf2 Ne7 49.Re5 Rd7 50.Kg3 Nd6
51.Ba3 Ndf5+ 52.Kf4 g6 53.Ne4 Kg7 54.Kg5 gxh5 55.Nf6 Rb7 56.Nxh5+ Kf7 57.Nf4 Rb3
58.Bxe7 Nxe7 59.Kg4 Rb5 60.Re6 Rb4 61.Kg5 Rb5+ 62.Kg4 Rb4 63.Re5 Rb5 64.Re4 a5
65.h5 Ng8 66.Rc4 Nh6+ 67.Kh3 Rb4 68.Rc7+ Kg8 69.Nd5 Rb5 70.Ne7+ Kf8 71.Kh4 a4
72.Ra7 Rb3 73.f4 a3 74.Ng6+ Kg8 75.Ne5 Nf5+ 76.Kg5 Nd6 77.Kf6 Ne4+ 78.Kg6 Rb6+
79.Kf5 Nd6+ 80.Kg4 Nb5 81.Ra5 Rb7 82.Nc4 Rg7+ 83.Kh4 Rf7 84.Kg5 Nd4 85.Nxa3 Ne6+
86.Kg4 Rxf4+ 87.Kg3 Re4 88.Nc2 Kg7 89.Kf3 Rf4+ 90.Kg3 Re4 91.Kf3 Rf4+ 92.Ke3 Rc4
93.Ne1 Rc5 94.Ra7+ Kh6 95.Nd3 Rc6 96.Ra5 Rb6 97.Re5 Ng5 98.Nf4 Rb3+ 99.Ke2 Rb6
100.Rf5 Nh7 101.Kf3 Rb1 102.Ra5 Nf6 103.Rf5 Nh7 104.Kg3 Rg1+ 105.Kf2 Rg5
106.Rf7 Re5 107.Kg3 Rg5+ 108.Kh3 Re5 109.Ra7  1/2-1/2

[Event "TCh-SUI 2011"]
[Site "Lausanne SUI"]
[Date "2011.10.23"]
[Round "9.2"]
[White "Huebner,R"]
[Black "Gaehler,M"]
[Result "1-0"]
[WhiteElo "2600"]
[BlackElo "2341"]

1.e4 e6 2.d4 d5 3.Nc3 Bb4 4.e5 c5 5.a3 Ba5 6.b4 cxd4 7.Nb5 Bc7 8.f4 Ne7 9.Nf3 Bd7
10.Nxc7+ Qxc7 11.Bd3 Ba4 12.O-O Nbc6 13.b5 Na5 14.Qe1 a6 15.b6 Qxb6 16.Qb4 Qa7
17.Qxa5 Bxc2 18.Qd2  1-0

[Event "I Champions League"]
[Site "Leon ESP"]
[Date "2011.12.16"]
[Round "1"]
[White "Huebner,R"]
[Black "Sax,G"]
[Result "1-0"]
[WhiteElo "2580"]
[BlackElo "2486"]

1.c4 Nf6 2.Nc3 c5 3.Nf3 Nc6 4.d4 cxd4 5.Nxd4 e6 6.Ndb5 d5 7.Bf4 e5 8.cxd5 exf4
9.dxc6 bxc6 10.Qxd8+ Kxd8 11.Rd1+ Bd7 12.Nd6 Bxd6 13.Rxd6 Rb8 14.Rd2 Kc7
15.g3 fxg3 16.hxg3 Rb4 17.Bg2 h5 18.b3 Re8 19.Na4 g5 20.Nc5 Bc8 21.O-O h4
22.Rc1 hxg3 23.fxg3 Kb8 24.Bxc6 Rh8 25.Bf3 g4 26.Bg2 Nh5 27.Rc3 f5 28.a3 Rb6
29.Rd4 Re8 30.Kf2 Re7 31.Rd8  1-0

[Event "TCh-FIN SM-Liiga 2011-12"]
[Site "Helsinki FIN"]
[Date "2012.03.10"]
[Round "10.1"]
[White "Sipila,V"]
[Black "Huebner,R"]
[Result "1/2-1/2"]
[WhiteElo "2304"]
[BlackElo "2592"]

1.e4 e5 2.Nf3 Nc6 3.Bb5 Nf6 4.O-O Nxe4 5.d4 Nd6 6.Bxc6 dxc6 7.dxe5 Nf5 8.Qxd8+ Kxd8
9.Nc3 Ke8 10.Rd1 Be7 11.Bf4 Be6 12.h3 h5 13.Ne2 h4 14.b3 a5 15.a4 Bc5 16.c4 Ne7
17.Ned4 Ng6 18.Bg5 Rh5 19.Nxe6 fxe6 20.Re1 Be7 21.Bxe7 Nxe7 22.Rad1 c5 23.Re4 Nf5
24.Kf1 Rd8 25.Rxd8+ Kxd8 26.Kg1 Ke7 27.Kh2 Rh8 28.Rf4 b6 29.g4 hxg3+ 30.fxg3 Rd8
31.g4 Nd4 32.h4 Rf8 33.Rxf8 Kxf8 34.Nd2 Nc6 35.Nf3 Nd4 36.Nd2 Nc6 37.Nf3  1/2-1/2

[Event "TCh-FIN SM-Liiga 2011-12"]
[Site "Helsinki FIN"]
[Date "2012.03.11"]
[Round "11.1"]
[White "Kauppila,O"]
[Black "Huebner,R"]
[Result "1/2-1/2"]
[WhiteElo "2293"]
[BlackElo "2592"]

1.e4 e5 2.Nf3 Nc6 3.Bb5 a6 4.Ba4 d6 5.O-O Bd7 6.d4 exd4 7.Nxd4 Nxd4 8.Bxd7+ Qxd7
9.Qxd4 Nf6 10.Nc3 Be7 11.Bg5 h6 12.Bh4 Qg4 13.Bg3 O-O 14.Rad1 Rad8 15.Rfe1 Rfe8
16.a4 Qc8 17.h3 Nh5 18.Bh2 Bf6 19.Qc4 Be5 20.Re3 Nf6 21.Bxe5 Rxe5 22.Nd5 Nxd5
23.Rxd5 Re6 24.e5 Qd7 25.exd6 Rxd6 26.Rxd6 Qxd6 27.Rd3 Qe7 28.Rxd8+ Qxd8
29.g3 Qd7  1/2-1/2

[Event "TCh-SUI National A 2012"]
[Site "Switzerland SUI"]
[Date "2012.03.18"]
[Round "1.2"]
[White "Sokolov,And1"]
[Black "Huebner,R"]
[Result "1-0"]
[WhiteElo "2577"]
[BlackElo "2583"]

1.e4 e5 2.Nf3 Nc6 3.Bb5 a6 4.Ba4 d6 5.Bxc6+ bxc6 6.d4 f6 7.c4 Ne7 8.Nc3 Ng6
9.h4 h5 10.dxe5 Nxe5 11.Nxe5 fxe5 12.Bg5 Be7 13.Qd2 Be6 14.b3 a5 15.Rc1 O-O
16.f3 Kh7 17.c5 dxc5 18.Qxd8 Bxd8 19.Na4 c4 20.Nc5 Bf7 21.Ke2 Bxg5 22.hxg5 Kg6
23.g3 Kxg5 24.Nd7 Rfe8 25.Nxe5 Rxe5 26.f4+ Kf6 27.fxe5+ Kxe5 28.Ke3 Rd8 29.Rxc4 Bxc4
30.Rxh5+ Ke6 31.bxc4 a4 32.Rc5 Rd6 33.g4 Kd7 34.Ra5 Rd1 35.Rxa4 Rc1 36.Kf4 c5
37.Kf5 Rf1+ 38.Kg6 Rf4 39.g5 Rxe4 40.Kxg7 Ke6 41.g6 c6 42.Kh8 Rh4+ 43.Kg8  1-0

[Event "Uhlmann Jubilaeumsturnier"]
[Site "Dresden GER"]
[Date "2012.03.25"]
[Round "1"]
[White "Taimanov,M"]
[Black "Huebner,R"]
[Result "0-1"]
[WhiteElo "2386"]
[BlackElo "2583"]

1.c4 e5 2.Nc3 Nf6 3.Nf3 Nc6 4.d3 d5 5.cxd5 Nxd5 6.g3 Be7 7.Bg2 Be6 8.O-O O-O
9.a3 Qd7 10.Bd2 Rad8 11.Rc1 f6 12.Ne4 b6 13.Qc2 Nd4 14.Nxd4 exd4 15.b4 h6
16.Be1 f5 17.Nd2 c5 18.bxc5 Bxc5 19.Nb3 Bxa3 20.Ra1 Nb4 21.Qb1 Qa4 22.Qb2 Bxb2
23.Rxa4 Nc2 24.Ra2 Nxe1 25.Rxb2 Nxg2 26.Kxg2 Rd5 27.Nd2 Rb8 28.Ra1 a5 29.Nc4 Rc5
30.Rxa5 bxa5 31.Rxb8+ Kh7 32.Rd8 Bd5+ 33.f3 Bxc4 34.dxc4 Rxc4 35.Rd5 a4 36.Rxf5 Rc2
37.Kf1 a3 38.Ra5 a2  0-1

[Event "Uhlmann Jubilaeumsturnier"]
[Site "Dresden GER"]
[Date "2012.03.25"]
[Round "2"]
[White "Huebner,R"]
[Black "Portisch,L"]
[Result "1/2-1/2"]
[WhiteElo "2583"]
[BlackElo "2523"]

1.d4 d5 2.c4 e6 3.Nc3 Be7 4.Bf4 Nf6 5.e3 O-O 6.Nf3 Nbd7 7.cxd5 Nxd5 8.Nxd5 exd5
9.Be2 Bb4+ 10.Nd2 Nf6 11.O-O c6 12.Qc2 g6 13.Nf3 Bd6 14.Bg5 Bf5 15.Qb3 Rb8
16.Qa4 a6 17.Ne5 Be7 18.Rac1 Ne4 19.Bf4 Bd6 20.Qd1 g5 21.Bg3 Nxg3 22.hxg3 Bxe5
23.dxe5 Qe7 24.g4 Bd7 25.Qd4 Rbe8 26.f4 f6 27.Qb6 Bc8 28.e4 dxe4 29.exf6 Qxf6
30.f5 Re7 31.Rc3 Rfe8 32.Qe3 h6 33.Rd1 Rd7 34.Rxd7 Bxd7 35.Rc2 Re7 36.Rd2 Be8
37.Bc4+ Bf7 38.Bxf7+ Kxf7 39.g3 Kg7 40.Kg2 Qe5 41.b4 Qf6 42.Rd4 Qe5 43.Rd2 Qf6
44.Rd8  1/2-1/2

[Event "Uhlmann Jubilaeumsturnier"]
[Site "Dresden GER"]
[Date "2012.03.25"]
[Round "3"]
[White "Uhlmann,W"]
[Black "Huebner,R"]
[Result "0-1"]
[WhiteElo "2358"]
[BlackElo "2583"]

1.c4 Nf6 2.Nc3 e5 3.Nf3 Nc6 4.g3 Nd4 5.Bg2 Nxf3+ 6.Bxf3 c6 7.d4 d6 8.Bg2 Qb6
9.d5 c5 10.O-O Be7 11.a3 O-O 12.Rb1 Bd7 13.h3 Qc7 14.f4 exf4 15.gxf4 Ne8
16.e4 f5 17.e5 dxe5 18.fxe5 Qxe5 19.Re1 Qd6 20.Qf3 Bh4 21.Bf4 Qg6 22.Re2 Nd6
23.b3 Rae8 24.Rf1 Rxe2 25.Qxe2 Re8 26.Qd3 Ne4 27.b4 Bf6 28.Ne2 Be7 29.b5 Bd6
30.Re1 Qf6 31.Rf1 Bxf4 32.Nxf4 Qe5 33.h4 b6 34.a4 g6 35.a5 bxa5 36.Qe3 Qe7
37.Qe1 Nd6 38.Qxe7 Rxe7 39.Nd3 Nxc4 40.Nxc5 Bxb5 41.Rd1 Nd6 42.Ne6 a4 43.Ra1 Kf7
44.Nd8+ Kf6 45.Nc6 Rd7 46.Kf2 Ne4+ 47.Ke3 Rxd5 48.Nxa7 Bd7 49.Rb1 Ra5 50.Rb6+ Ke5
51.Nc6+ Bxc6 52.Rxc6 a3 53.Rc1 a2 54.Ra1 Ra3+ 55.Ke2 Kf4 56.Kd1 Kg3  0-1